000 00501nam a2200181Ia 4500
008 230524s9999 xx 000 0 und d
020 _a9788131514764
082 _a4.378
_bGOS
100 _aDon Gosselin
245 4 _aThe Web Warrior Guide to Web Design Technologies
250 _a4TH
260 _aNEW DELHI
_bCengage
_c2011
300 _aXII;507
500 _aQuantity Number: 200
650 _aComp-Sc
700 _a" Ruth Guthrie, Luis A.Lopez,Sklar,Jibitesh Mishra , etal."
942 _cBK
999 _c48783
_d48783